| 000 | 00340nam a2200121Ia 4500 | ||
|---|---|---|---|
| 008 | 150731s2013 xx 000 0 und d | ||
| 082 |
_a610 _bD 13 L |
||
| 100 | _aLAVEKAR, G.S. | ||
| 245 | _aDOCTOR-PATIENT RELATIONSHP IN ANCIENT INDIAN MEDICINE (AYURVEDA) | ||
| 260 |
_bCHAUKHAMBHA PUB. NEW DELHI _c2013 |
||
| 300 | _a41 | ||
| 942 |
_2ddc _cBK _01 |
||
| 999 |
_c7897 _d7897 |
||